000 00825nam2a2200205 4500
001 RU\NLR\PER_A\002782895_001290
005 20250625142120.0
035 _a(NLR Aleph) 022153455
090 _a12899473
_c12899473
100 _a20240229d2023 |||y0rusy50 ca
101 0 _arus
102 _aRU
200 0 _a2023, № 4 (73) (с указ.)
210 _d2023
_aБ. м.
461 0 _1001RU\NLR\Per\483350
_12001#$aНаркоконтроль$eфедеральный журнал$fИзд. группа "Юрист"$v2023, № 4 (73) (с указ.)
_92421834
_cМосква
_d2005 -
_fИзд. группа "Юрист"
_nЮрист
_oфедеральный журнал
_tНаркоконтроль
_x2072-4160
_v2023, № 4 (73) (с указ.)
852 _aNLR
_jП23/6541
942 _cISSUE
980 _aNB
980 _aRUSPER